Songs About NBA Players - Statistics

General Stats
  • This quiz has been taken 10 times
  • The average score is 10 of 19
Answer Stats
Artist Player It Was About % Correct
Yo Gotti Lebron James
100%
Kendrick Lamar Michael Jordan
100%
Lil Wayne Kobe Bryant
86%
Dame Dolla Kobe Bryant
86%
Chief Keef Kobe Bryant
86%
Aaron Carter Shaquille O'Neal
86%
Nas Magic Johnson
71%
Red Hot Chili Peppers Magic Johnson
71%
Soulja Boy Stephen Curry
71%
Post Malone Allen Iverson
57%
Dave East Kevin Durant
43%
Waka Flocka Flame Bill Russell
29%
Migos Dennis Rodman
29%
Meek Mill Derrick Rose
29%
Sheck Wes Mo Bamba
29%
Mick Jenkins Scottie Pippen
29%
Jack Harlow Tyler Herro
29%
The Cool Kids Penny Hardaway
14%
Freddie Gibbs Giannis Antetekoumpo
0%
No matching quizzes found
Score Distribution
Percent of People with Each Score
Percentile by Number Answered
Your Score History
You have not taken this quiz